LEADER 00979nam a2200169 i 4500 001 000000216423 003 CaOOAMICUS 005 20121019000000.0 008 121019s1858 xx u000 u lat u 013 $a195313 040 $aSeMil$bita 245 10$aDisputationum Roberti Bellarmini politiani S. J. S. R. E. cardinalis de controversiis christianae fidei adversus hujus temporis haereticos. 300 $a1004 p. 773 0 $aBellarmino, Roberto $tRoberti cardinalis Bellarmini opera omnia.$bEditio 1. Neapolitana iuxta Venetam anni 1721 dicata eminentiss. cardinali Xisto Riario Sforza archyepiscopo Neapolitano.$dNeapoli : Apud Josephum Giuliano, 1856-1862.$g3$w()1310 850 $aSeMil 852 $aSeMil$W1$xVenegono$y1$m2D IV 44 FA$j166842$B166842$CSeMilBibl$Z2$F177671 $8I 996 $6245$aDisputationum Roberti Bellarmini politiani S. J. S. R. E. cardinalis de controversiis christianae fidei adversus hujus temporis haereticos$9(OLS)http://semarc/title/311192